[Event "SVK Extraliga 2019-20"]
[Site "Slovakia"]
[Date "2020.09.04"]
[Round "9"]
[White "Tropp, Oliver"]
[Black "Zambor, Norbert"]
[Result "0-1"]
[WhiteElo "2075"]
[BlackElo "2262"]
[Annotator "RC"]
[PlyCount "60"]
[EventDate "2019.10.19"]
[EventType "team-tourn"]
[EventCountry "SVK"]
[SourceTitle "playchess.com"]
[Source "ChessBase"]
[SourceQuality "1"]
[WhiteTeam "Liptovska"]
[BlackTeam "Prakovce"]
[TimeControl "40/5400+30:1800+30"]

1. Nf3 {[%emt 0:00:00]} c5 {[%emt 0:00:21]} 2. g3 {[%emt 0:00:00]} Nc6 {[%emt 0:00:44]} 3. Bg2 {[%emt 0:00:31]} e5 {[%emt 0:00:57]} 4. d3 {[%emt 0:00:51]} g6 {[%emt 0:00:21]} 5. h4 {[%emt 0:00:49]} h5 {[%emt 0:03:38]} 6. c4 {[%emt 0:00:50]} Bg7 {[%emt 0:00:10]} 7. Nc3 {[%emt 0:00:35]} Nge7 {[%emt 0:01:15]} 8. Bg5 {[%emt 0:07:06]} f6 {[%emt 0:02:32]} 9. Be3 {[%emt 0:00:53]} d6 {[%emt 0:01:04]} 10. Qd2 {[%emt 0:01:46]} Nf5 {[%emt 0:03:06]} 11. Nd5 {[%emt 0:01:52]} Nxe3 {[%emt 0:06:56]} 12. Nxe3 {[%emt 0:03:40]} Bh6 {[%emt 0:02:48]} 13. Qc3 {[%emt 0:02:25]} Be6 {[%emt 0:10:22]} 14. Nd5 {[%emt 0:01:01]} O-O {[%emt 0:03:30]} 15. Nd2 {[%emt 0:01:53]} Ne7 {[%emt 0:04:24]} 16. e3 {[%emt 0:03:36]} f5 {[%emt 0:05:42]} 17. f4 {[%emt 0:01:59]} Bg7 {[%emt 0:03:25]} 18. Qc2 {[%emt 0:00:52]} Nxd5 {[%emt 0:03:59]} 19. cxd5 {[%emt 0:02:40]} Bf7 {[%emt 0:06:06]} 20. O-O {[%emt 0:07:17]} exf4 {[%emt 0:02:30]} 21. exf4 {[%emt 0:02:03]} b5 {[%emt 0:02:35]} 22. a4 {[%emt 0:07:09]} a6 {[%emt 0:01:53]} 23. axb5 {[%emt 0:01:28]} axb5 {[%emt 0:00:09]} 24. Qb3 {[%emt 0:00:33]} Qd7 {[%emt 0:06:32]} 25. Nf3 {[%emt 0:01:07]} Ra4 {[%emt 0:04:36]} 26. Ng5 {[%emt 0:36:01]} Rb4 {[%emt 0:01:27]} 27. Qa2 {[%emt 0:07:42]} Rxb2 {[%emt 0:14:00]} 28. Qa7 {[%emt 0:00:06]} Qxa7 {[%emt 0:00:47]} 29. Rxa7 {[%emt 0:00:06]} c4 {[%emt 0:01:39]} 30. dxc4 {[%emt 0:01:27]} Bd4+ {[%emt 0:01:05]} 0-1

[Event "SVK Extraliga 2019-20"]
[Site "Slovakia"]
[Date "2020.09.04"]
[Round "9"]
[White "Mydlarik, Martin"]
[Black "Kovacik, Emil"]
[Result "0-1"]
[WhiteElo "2073"]
[BlackElo "2088"]
[Annotator "ChessBase"]
[PlyCount "78"]
[EventDate "2019.10.19"]
[EventType "team-tourn"]
[EventCountry "SVK"]
[SourceTitle "playchess.com"]
[Source "ChessBase"]
[SourceQuality "1"]
[WhiteTeam "Modra"]
[BlackTeam "Dubnica"]
[TimeControl "40/5400+30:1800+30"]

1. e4 {[%emt 0:00:00]} e6 {[%emt 0:00:17]} 2. d4 {[%emt 0:00:57]} d5 {[%emt 0:01:39]} 3. Nd2 {[%emt 0:00:38]} c5 {[%emt 0:02:21]} 4. exd5 {[%emt 0:00:07]} exd5 {[%emt 0:00:10]} 5. Ngf3 {[%emt 0:01:19]} Qe7+ {[%emt 0:01:55]} 6. Be2 {[%emt 0:01:59]} Nf6 {[%emt 0:02:36]} 7. dxc5 {[%emt 0:01:20]} Qxc5 {[%emt 0:03:07]} 8. O-O {[%emt 0:00:22]} Be7 {[%emt 0:01:39]} 9. Nb3 {[%emt 0:00:13]} Qd6 {[%emt 0:00:53]} 10. Bg5 {[%emt 0:04:00]} O-O {[%emt 0:02:22]} 11. Nbd4 {[%emt 0:03:25]} Nc6 {[%emt 0:03:07]} 12. c3 {[%emt 0:06:09]} Bg4 {[%emt 0:03:03]} 13. g3 {[%emt 0:13:20]} Rfe8 {[%emt 0:03:03]} 14. Bf4 {[%emt 0:14:14]} Qd8 {[%emt 0:00:27]} 15. Ne5 {[%emt 0:03:45]} Nxe5 {[%emt 0:05:18]} 16. Bxe5 {[%emt 0:00:16]} Bxe2 {[%emt 0:07:17]} 17. Nxe2 {[%emt 0:00:18]} Qb6 {[%emt 0:01:56]} 18. Bd4 {[%emt 0:11:52]} Qxb2 {[%emt 0:01:20]} 19. c4 {[%emt 0:03:30]} Qa3 {[%emt 0:03:02]} 20. cxd5 {[%emt 0:00:22]} Rad8 {[%emt 0:02:01]} 21. Nc3 {[%emt 0:11:00]} Nxd5 {[%emt 0:05:03]} 22. Nxd5 {[%emt 0:05:27]} Rxd5 {[%emt 0:00:12]} 23. Qg4 {[%emt 0:00:06]} Bf8 {[%emt 0:02:15]} 24. Be3 {[%emt 0:09:33]} Red8 {[%emt 0:05:18]} 25. Rfc1 {[%emt 0:02:39]} Qa5 {[%emt 0:11:51]} 26. a4 {[%emt 0:00:45]} Bc5 {[%emt 0:09:17]} 27. Bh6 {[%emt 0:00:54]} g6 {[%emt 0:07:15]} 28. Ra2 {[%emt 0:03:28]} Qb6 {[%emt 0:01:49]} 29. a5 {[%emt 0:01:09]} Qb3 {[%emt 0:00:59]} 30. Rac2 {[%emt 0:00:17]} Ba3 {[%emt 0:04:12]} 31. Rc3 {[%emt 0:01:32]} Rd1+ {[%emt 0:05:30]} 32. Kg2 {[%emt 0:00:31]} Qd5+ {[%emt 0:00:26]} 33. Kh3 {[%emt 0:00:07]} Bxc1 {[%emt 0:00:34]} 34. Bxc1 {[%emt 0:00:14]} h5 {[%emt 0:01:17]} 35. Qf4 {[%emt 0:01:00]} Qe6+ {[%emt 0:00:47]} 36. Kg2 {[%emt 0:00:28]} Qe1 {[%emt 0:00:02]} 37. Rc7 {[%emt 0:00:14]} Qh1+ {[%emt 0:00:23]} 38. Kh3 {[%emt 0:00:11]} Qf1+ {[%emt 0:00:06]} 39. Kh4 {[%emt 0:00:17]} R1d4 {[%emt 0:00:03]} 0-1

[Event "SVK Extraliga 2019-20"]
[Site "Slovakia"]
[Date "2020.09.04"]
[Round "9"]
[White "Brnusak, Tomas"]
[Black "Kusiak, Matej"]
[Result "1-0"]
[WhiteElo "2064"]
[BlackElo "2284"]
[Annotator "TA"]
[PlyCount "115"]
[EventDate "2019.10.19"]
[EventType "team-tourn"]
[EventCountry "SVK"]
[SourceTitle "playchess.com"]
[Source "ChessBase"]
[SourceQuality "1"]
[BlackTeam "Prakovce"]

{[%evp 15,115,70,85,60,50,17,48,15,15,17,44,39,56,20,83,0,36,24,26,31,23,28,31,27,25,0,29,40,70,98,87,78,106,106,106,106,114,85,85,38,100,101,119,81,98,81,87,84,84,95,110,56,56,56,56,53,28,12,12,9,13,0,54,54,50,49,5808,5691,29961,29965,29966,29966,29967,29968,29967,29968,29967,29967,29970,29972,29971,29972,29972,29973,29972,29965,29976,29974,29974,29975,29976,29977,29977,29977,29976,29977,29979,29980,29980,29981,29981,29982]} 1. d4 g6 2. c4 Bg7 3. Nc3 d6 4. e4 Nc6 5. Be3 e5 6. d5 Nd4 7. Nge2 Nxe2 8. Bxe2 f5 9. f3 {A42: Modern Defence: Averbakh Variation.} Bh6 10. Qd2 Qh4+ 11. g3 {White is slightly better.} Bxe3 12. Qxe3 {[#]} Qe7 $146 ({Predecessor:} 12... Qh6 13. Qxh6 Nxh6 14. Nb5 Kd8 15. O-O fxe4 16. fxe4 a6 17. Na3 Bh3 18. Rfc1 b6 19. Bf1 Bxf1 20. Rxf1 Ke7 21. Nc2 Raf8 {½-½ (21) Pesorda,I (2242)-Benda,H (2222) Austria 2000}) 13. O-O-O Nf6 14. Kb1 O-O (14... fxe4 $11 15. fxe4 Bg4) 15. Rd2 ({White should try} 15. exf5 $16 Bxf5+ 16. Ka1) 15... a6 16. exf5 Bxf5+ 17. Ka1 Rae8 18. h3 Bc8 19. g4 Nd7 20. h4 Rf4 21. Ne4 Nc5 22. Nxc5 dxc5 23. Bd3 Ref8 24. Be4 Bd7 25. Qd3 Kh8 26. b3 Qd6 27. Re2 Kg7 (27... Bf5 $14) 28. h5 $16 g5 29. Qc3 ({Worse is} 29. Bxh7 Rxf3 30. Qg6+ Kh8 $15) 29... h6 30. Rhe1 Kg8 31. a3 b6 32. Re3 Qf6 33. b4 (33. Kb2 $16) 33... cxb4 $14 34. axb4 a5 $1 35. bxa5 {aiming for d6!} Ra8 36. Bc2 Rxa5+ 37. Kb1 Rc5 38. Bd3 b5 (38... c6 $11) 39. Rxe5 {Qa3 is the strong threat.} bxc4 {[#]} 40. Bf5 $1 {[%mdl 512] Threatening mate with Re8+!} Bxf5+ $4 {[%mdl 8192] Black cannot hold the game after this.} ({Much worse is} 40... Rxf5 41. gxf5 Rb5+ 42. Kc2 $18) (40... Qb6+ $14 41. Kc2 Qb3+ 42. Kd2 Qa2+ 43. Bc2 Qa5 44. Qxa5 Rxa5) 41. gxf5 $18 {Re8+ would kill now.} Kf7 {[#]} 42. Re7+ $1 {[%mdl 576] Decoy. White mates.} Qxe7 43. Rxe7+ Kxe7 {[%mdl 4096] Endgame KQ-KRR} 44. Qe3+ {[%mdl 64] Double Attack} Kd8 45. Qxc5 Rxf5 46. Qxc4 {KQ-KR} Rf6 47. Qd4 Rd6 48. Kc2 Kc8 49. Qe5 Kd7 50. Kc3 Rb6 51. Kd3 Rd6 52. Ke4 Rb6 53. Qg7+ Kd8 54. Ke5 Kc8 55. Qe7 Ra6 {[#]} 56. Qe6+ $3 {[%mdl 512]} Rxe6+ 57. Kxe6 Kd8 58. Kf6 {Accuracy: White = 75%, Black = 61%.} 1-0

[Event "SVK Extraliga 2019-20"]
[Site "Slovakia"]
[Date "2020.09.04"]
[Round "9"]
[White "Tauber, Marek"]
[Black "Kriebel, Tadeas"]
[Result "0-1"]
[WhiteElo "2058"]
[BlackElo "2519"]
[Annotator "TA"]
[PlyCount "108"]
[EventDate "2019.10.19"]
[EventType "team-tourn"]
[EventCountry "SVK"]
[SourceTitle "playchess.com"]
[Source "ChessBase"]
[SourceQuality "1"]
[WhiteTeam "Kosice"]
[BlackTeam "Snina"]

{[%evp 13,108,16,50,24,43,27,38,35,55,4,20,21,34,35,39,0,16,12,23,20,19,19,25,25,34,34,50,49,70,58,32,14,14,11,9,-50,-45,-43,-47,-40,-12,-6,-5,-1,-4,-87,-77,-78,-86,-94,-96,-84,-62,-57,-29,-33,0,-64,-58,-95,-65,-68,-66,-129,-114,-121,-104,-197,-194,-260,-258,-272,-246,-333,-198,-291,-308,-492,-490,-489,-489,-455,-442,-515,-505,-523,-523,-522,-505,-658,-621,-29952,-29952,-29972,-29973,-5780,-5418]} 1. e4 c5 2. Nf3 e6 3. d4 cxd4 4. Nxd4 Nc6 5. Nc3 Qc7 6. g3 a6 7. Bg2 h5 8. h3 {B47: Sicilian: Taimanov: 5 Nc3 Qc7 6 f4, 6 g3 and 6 Be2.} h4 9. g4 Nge7 10. Be3 {White is slightly better.} Ng6 {[#]} 11. Nxc6 $146 ({White should play} 11. Nde2 $14) ({Predecessor:} 11. Qd2 Nxd4 12. Qxd4 b5 13. e5 Bb7 14. Bxb7 Qxb7 15. O-O-O Rc8 16. f4 Rc4 17. Qd3 Nxf4 18. Bxf4 Rxf4 {0-1 (32) Everett,E (2203)-Milov,L (2455) Wiesbaden 2019}) 11... bxc6 $11 12. Qd2 e5 13. O-O Be7 14. Rfe1 d6 15. Rad1 Be6 16. Na4 O-O 17. b3 Rab8 18. c4 Rfd8 19. Qc1 Rd7 20. c5 Nf4 21. Bxf4 exf4 22. Qxf4 dxc5 23. Qxc7 Rxc7 24. Rc1 (24. Nb2 $11) 24... c4 $1 $15 25. bxc4 Rb4 26. Nc3 Bg5 27. Rc2 $1 Rxc4 28. Bf1 Rc5 29. Bxa6 (29. Ree2 $11 {remains equal.}) 29... Ra7 $36 {[%mdl 2048] Black is on the roll.} 30. Bf1 Ra3 31. Nb1 Rxc2 32. Nxa3 Rxa2 33. Nc4 Ra4 34. Nb2 Ra2 35. Nc4 Rc2 36. Ne3 Rc3 37. Nf5 c5 38. Kg2 {[#] Black keeps a firm grip on the game.} (38. e5 $15) 38... g6 $1 {[%cal Rg6f5]} 39. Nd6 Bf4 40. Nb5 (40. Nb7 $17) 40... Rb3 $19 41. Rd1 (41. Ra1 {was worth a try.}) 41... Be5 42. Rd2 Kg7 43. Be2 Kh7 (43... c4 $142 44. Nd4 Bxd4 45. Rxd4 c3) 44. Rd1 (44. Rc2 $142 c4 45. Na7) 44... Rb2 45. Kf3 {[#]} (45. Bf1 $142) 45... Rxe2 $1 {[%mdl 576] Remove Defender, Decoy} 46. Kxe2 {[%mdl 4096] Endgame aiming for Rc1. KRN-KB} Bc4+ {[%mdl 64] Double Attack} 47. Ke3 {Threatens to win with Rc1.} Bxb5 48. f4 Bd4+ 49. Kf3 Kg7 50. g5 Bd7 51. Kg2 Ba4 52. Re1 c4 {[%cal Bc5c4,Bc4c3][%mdl 32]} 53. f5 gxf5 54. exf5 c3 {Accuracy: White = 51%, Black = 86%.} 0-1

[Event "SVK Extraliga 2019-20"]
[Site "Slovakia"]
[Date "2020.09.04"]
[Round "9"]
[White "Popovic, Martin"]
[Black "Kravec, Patrik"]
[Result "1/2-1/2"]
[WhiteElo "2017"]
[BlackElo "2126"]
[Annotator "ChessBase"]
[PlyCount "48"]
[EventDate "2019.10.19"]
[EventType "team-tourn"]
[EventCountry "SVK"]
[SourceTitle "playchess.com"]
[Source "ChessBase"]
[SourceQuality "1"]
[WhiteTeam "Kosice"]
[BlackTeam "Snina"]
[TimeControl "40/5400+30:1800+30"]

1. e4 {[%emt 0:00:00]} c5 {[%emt 0:00:00]} 2. Nf3 {[%emt 0:00:00]} Nc6 {[%emt 0:00:39]} 3. d4 {[%emt 0:00:00]} cxd4 {[%emt 0:00:05]} 4. Nxd4 {[%emt 0:00:00]} Nf6 {[%emt 0:00:29]} 5. Nc3 {[%emt 0:00:00]} d6 {[%emt 0:00:03]} 6. Bg5 {[%emt 0:01:49]} Qa5 {[%emt 0:00:29]} 7. Nxc6 {[%emt 0:07:58]} bxc6 {[%emt 0:08:04]} 8. Qd2 {[%emt 0:02:07]} Rb8 {[%emt 0:04:24]} 9. Rb1 {[%emt 0:13:36]} h6 {[%emt 0:07:52]} 10. Be3 {[%emt 0:13:35]} Ng4 {[%emt 0:04:22]} 11. Be2 {[%emt 0:03:09]} Nxe3 {[%emt 0:02:49]} 12. Qxe3 {[%emt 0:00:20]} e6 {[%emt 0:11:19]} 13. O-O {[%emt 0:03:18]} Be7 {[%emt 0:00:32]} 14. a3 {[%emt 0:05:56]} O-O {[%emt 0:01:11]} 15. b4 {[%emt 0:00:45]} Qb6 {[%emt 0:06:09]} 16. Qd3 {[%emt 0:05:45]} Qc7 {[%emt 0:10:52]} 17. f4 {[%emt 0:14:08]} c5 {[%emt 0:13:20]} 18. Kh1 {[%emt 0:04:53]} cxb4 {[%emt 0:02:23]} 19. axb4 {[%emt 0:00:13]} Bd7 {[%emt 0:01:22]} 20. Nd1 {[%emt 0:05:42]} a5 {[%emt 0:05:48]} 21. b5 {[%emt 0:00:22]} Qc5 {[%emt 0:09:07]} 22. c4 {[%emt 0:00:26]} a4 {[%emt 0:01:12]} 23. Qe3 {[%emt 0:04:39]} Rfc8 {[%emt 0:03:45]} 24. Qxc5 {[%emt 0:00:33]} Rxc5 {[%emt 0:01:04]} 1/2-1/2

[Event "SVK Extraliga 2019-20"]
[Site "Slovakia"]
[Date "2020.09.04"]
[Round "9"]
[White "Nadzamova, Viktoria"]
[Black "Harvan, Richard"]
[Result "1-0"]
[WhiteElo "1946"]
[BlackElo "2115"]
[Annotator "ChessBase"]
[PlyCount "51"]
[EventDate "2019.10.19"]
[EventType "team-tourn"]
[EventCountry "SVK"]
[SourceTitle "playchess.com"]
[Source "ChessBase"]
[SourceQuality "1"]
[WhiteTeam "Kosice"]
[BlackTeam "Snina"]
[TimeControl "40/5400+30:1800+30"]

1. e4 {[%emt 0:00:00]} e6 {[%emt 0:01:28]} 2. d4 {[%emt 0:00:00]} d5 {[%emt 0:00:06]} 3. Nc3 {[%emt 0:00:01]} Nf6 {[%emt 0:00:38]} 4. e5 {[%emt 0:00:44]} Nfd7 {[%emt 0:00:03]} 5. f4 {[%emt 0:00:20]} c5 {[%emt 0:00:37]} 6. Nf3 {[%emt 0:00:09]} Nc6 {[%emt 0:00:05]} 7. Be3 {[%emt 0:00:23]} cxd4 {[%emt 0:06:59]} 8. Nxd4 {[%emt 0:00:18]} Bc5 {[%emt 0:01:17]} 9. Qd2 {[%emt 0:24:52]} a6 {[%emt 0:01:43]} 10. Be2 {[%emt 0:04:17]} Qc7 {[%emt 0:03:58]} 11. O-O {[%emt 0:05:34]} b5 {[%emt 0:09:08]} 12. Nxc6 {[%emt 0:03:15]} Qxc6 {[%emt 0:02:19]} 13. Kh1 {[%emt 0:04:10]} Bb7 {[%emt 0:04:36]} 14. Bf3 {[%emt 0:00:56]} O-O {[%emt 0:12:51]} 15. Rae1 {[%emt 0:08:23]} Rac8 {[%emt 0:06:03]} 16. f5 {[%emt 0:08:39]} b4 {[%emt 0:08:10]} 17. Ne2 {[%emt 0:12:32]} exf5 {[%emt 0:03:35]} 18. Bxc5 {[%emt 0:00:43]} Qxc5 {[%emt 0:04:24]} 19. Nd4 {[%emt 0:01:37]} Rfe8 {[%emt 0:22:58]} 20. Nxf5 {[%emt 0:03:41]} Nxe5 {[%emt 0:01:39]} 21. Rxe5 {[%emt 0:02:29]} Rxe5 {[%emt 0:00:19]} 22. Qg5 {[%emt 0:00:15]} Rxf5 {[%emt 0:00:36]} 23. Qxf5 {[%emt 0:00:07]} Qxc2 {[%emt 0:00:57]} 24. Be4 {[%emt 0:00:20]} Qc1 {[%emt 0:04:07]} 25. Qxf7+ {[%emt 0:03:10]} Kh8 {[%emt 0:00:08]} 26. Bc2 {[%emt 0:00:11]} 1-0

[Event "SVK Extraliga 2019-20"]
[Site "Slovakia"]
[Date "2020.09.04"]
[Round "9"]
[White "Walterova, Ema"]
[Black "Bures, Jaroslav"]
[Result "0-1"]
[WhiteElo "1802"]
[BlackElo "2385"]
[Annotator "TA"]
[PlyCount "78"]
[EventDate "2019.10.19"]
[EventType "team-tourn"]
[EventCountry "SVK"]
[SourceTitle "playchess.com"]
[Source "ChessBase"]
[SourceQuality "1"]
[BlackTeam "Slovan"]

{[%evp 21,78,-6,29,-23,0,-6,9,-52,-12,-32,-14,-56,-59,-62,-62,-65,-54,-65,-62,-59,-58,-66,-56,-67,-52,-39,-70,-41,-52,-63,0,-113,-111,-217,-121,-127,-136,-119,-125,-269,-82,-97,-99,-92,-93,-108,-97,-139,-135,-197,-80,-81,-80,-79,-95,-356,-363,-1307,-1242]} 1. e4 c6 2. d4 d5 3. Nc3 dxe4 4. Nxe4 Bf5 5. Ng3 Bg6 6. Nf3 e6 7. h4 h6 8. h5 Bh7 9. Bd3 Bxd3 10. Qxd3 Nf6 11. Bd2 c5 12. O-O {B19: Classical Caro-Kann: 4...Bf5 main line.} (12. O-O-O $142) 12... Nc6 {[%cal Rc5d4] [#]} 13. Be3 $146 ({Predecessor:} 13. c3 Be7 14. Qb5 Qb6 15. Qxb6 axb6 16. Rfe1 O-O 17. Bf4 Rfd8 18. Bc7 Rdc8 19. Bxb6 c4 {½-½ (47) Vashchilov,S (2157)-Rozum,I (2559) Minsk 2015}) 13... Qb6 14. Qb3 ({White should play} 14. Ne4 $11) 14... Nd5 15. Rfd1 cxd4 16. Nxd4 (16. Qxb6 {feels hotter.} axb6 17. Bxd4 Bc5 18. a3 O-O 19. c4) 16... Bc5 17. Qxb6 Bxb6 18. Ndf5 Nxe3 ({But not} 18... exf5 $6 19. Rxd5 Bxe3 20. fxe3 $11) 19. Nxe3 Bxe3 20. fxe3 Ke7 21. c3 Rhd8 22. Kf2 f5 23. e4 Kf6 24. Ke3 Kg5 25. Ne2 $1 Ne5 (25... Kxh5 $15 26. g4+ Kg5 27. gxf5 exf5 28. Rg1+ Kf6) 26. Rxd8 (26. Nd4 $11 {keeps the balance.} Ng4+ 27. Ke2) 26... Rxd8 $11 {[%mdl 4096] Endgame KRN-KRN} 27. Nf4 (27. Nd4 $17 Ng4+ 28. Kf3) 27... Rd6 ({Black should try} 27... Nc4+ $19 28. Kf3 Nd2+ 29. Ke3 Kg4) 28. b3 $17 {[#]} Ng4+ $1 29. Kf3 e5 30. Nh3+ (30. Nd5 $17 {was forced.}) 30... Kf6 $2 (30... Kxh5 $19 {Strongly threatening ...Rd3+.} 31. exf5 Rd3+ 32. Ke4 Re3+ 33. Kd5 Kh4) 31. exf5 Kxf5 32. Ke2 Nf6 33. Rf1+ Kg4 34. c4 Kg3 35. Rf5 Kxg2 (35... Ra6 $19 36. Rxe5 Rxa2+ 37. Ke1 Rxg2 38. Re3+ Kh4) 36. Nf2 Ra6 37. a4 Rb6 38. Rf3 $2 {[%mdl 8192]} (38. Nd3 $17 {was worth a try.}) 38... Nxh5 $19 {[#] ...Nf4+ is the strong threat.} 39. Ng4 $2 (39. Rc3 Ng3+ 40. Ke1) 39... Nf4+ {Accuracy: White = 48%, Black = 67%.} 0-1

[Event "SVK Extraliga 2019-20"]
[Site "Slovakia"]
[Date "2020.09.04"]
[Round "9"]
[White "Kapolkova, Greta"]
[Black "Zetocha, Claudiu"]
[Result "0-1"]
[WhiteElo "1567"]
[BlackElo "2303"]
[Annotator "TA"]
[PlyCount "62"]
[EventDate "2019.10.19"]
[EventType "team-tourn"]
[EventCountry "SVK"]
[SourceTitle "playchess.com"]
[Source "ChessBase"]
[SourceQuality "1"]
[BlackTeam "Slovan"]

{[%evp 15,62,-8,-28,-24,-19,-35,-22,-48,-39,-79,-67,-62,-53,-85,-75,-95,-68,-76,-62,-94,-70,-66,-49,-52,-61,-67,-56,-76,-63,-88,-70,-72,-70,-87,-48,-247,-176,-555,-563,-754,-441,-427,-445,-466,-477,-510,-500,-558,-579]} 1. e4 c5 2. Nf3 e6 3. d4 cxd4 4. Nxd4 a6 5. Nc3 b5 6. a3 d6 7. Be2 Bb7 8. O-O Nf6 9. Bf3 {B84: Sicilian Scheveningen: 6 Be2 a6, lines without early Be3.} Nbd7 10. Re1 Ne5 11. Bf4 {The position is equal.} Be7 12. Bxe5 dxe5 13. Nb3 Qc7 14. Qe2 {[#]} O-O $146 ({Predecessor:} 14... Rd8 15. Rad1 O-O 16. Qe3 h6 17. Kh1 Nd7 18. Be2 Bg5 19. Qg3 Bf4 20. Qf3 f5 {0-1 (49) Schaeffer,V (1720)-Sochacki,C (2010) France 2005}) 15. Na2 Rac8 16. c3 Rfd8 17. Red1 h6 (17... a5 {looks sharper.} 18. Rd2 Ra8 19. Re1 Qb6 20. Rdd1 Ba6) 18. Nb4 Nh7 (18... a5 {feels hotter.} 19. Nd3 Ra8 20. Nd2 Ba6 21. Rac1 Qd6) 19. Rxd8+ Bxd8 20. Rd1 Ng5 21. Nd2 Be7 22. Nf1 Bc5 23. Ng3 Rf8 24. Qd3 f5 25. Rf1 $2 {Now White is beyond hope.} (25. exf5 $15 Nxf3+ 26. gxf3) 25... Qb6 {[#] ...Bxf2+! is the strong threat.} 26. exf5 $2 (26. Qe2 {is a better chance.}) 26... Bxf3 $19 {Black is clearly winning.} 27. gxf3 Nh3+ 28. Kh1 Bxb4 29. axb4 Nxf2+ 30. Rxf2 Qxf2 31. b3 exf5 {Accuracy: White = 47%, Black = 71%.} 0-1

[Event "SVK Extraliga 2019-20"]
[Site "Slovakia"]
[Date "2020.09.04"]
[Round "9.1"]
[White "Gazik, Viktor"]
[Black "Petenyi, Tamas"]
[Result "1/2-1/2"]
[WhiteElo "2539"]
[BlackElo "2468"]
[Annotator "TA"]
[PlyCount "108"]
[EventDate "2019.10.19"]
[EventType "team-tourn"]
[EventCountry "SVK"]
[SourceTitle "playchess.com"]
[Source "ChessBase"]
[SourceQuality "1"]
[WhiteTeam "Podhajska"]
[BlackTeam "Streda"]

{[%evp 9,108,47,51,41,45,20,38,54,52,32,79,89,81,67,39,35,23,41,25,36,37,33,13,-5,-11,-14,-13,-57,0,-31,21,10,31,23,42,31,80,15,25,0,0,0,93,77,77,25,41,-262,-263,-250,-259,-269,-266,-417,-406,-351,-370,-368,-326,-337,-320,-334,-293,-270,-234,-234,-218,-221,-234,-216,-79,-79,-79,-79,-79,-95,-79,-79,-79,-79,-79,-79,-79,-79,-79,-79,-79,-79,-79,-79,-79,-85,0,0,0,0,0,-8,-8,-8,-8]} 1. e4 g6 2. d4 Bg7 3. Nc3 d6 4. Be3 Nc6 5. h3 Nf6 6. Nge2 {B06: Modern Defence.} a6 7. a4 {[%cal Ba2a4,Ba4a5][%mdl 32]} O-O 8. g4 {[#] White is slightly better.} Rb8 $146 ({Predecessor:} 8... e5 9. d5 Ne7 10. Ng3 c6 11. a5 cxd5 12. exd5 Nd7 13. Qd2 b5 14. axb6 Nxb6 {0-1 (50) Ruiz Castillo,J (2331)-Petrosian,T (2592) chess.com INT 2017}) 9. Ng3 e5 {[#]} 10. d5 $1 {[%cal Rd5c6]} Ne7 11. Be2 c6 12. a5 {Bb6 is the strong threat.} b5 13. axb6 cxd5 14. exd5 Bb7 {[%cal Rf6d5]} 15. Bc4 ({Much worse is} 15. Bxa6 Nfxd5 16. Bxb7 Nxe3 $17) 15... Nd7 16. g5 Nxb6 17. Bb3 Nf5 18. Nge4 Qc7 (18... h5 $15) 19. Qd3 Rfc8 (19... Bc8 $15) 20. h4 $11 Nc4 21. Bc1 Nd4 22. h5 $1 Nb6 23. Be3 (23. hxg6 $16 fxg6 24. Qh3) 23... Nd7 24. Ra4 Nc5 $36 {[%mdl 2048] Black has good play.} ({Much weaker is} 24... Nxb3 $6 25. cxb3 Ra8 26. Rc4 $16) 25. Nxc5 Qxc5 (25... dxc5 $11 26. h6 Bf8) 26. hxg6 fxg6 27. Kd1 (27. Qe4 $16) 27... Qc7 28. Ne4 $2 {[%mdl 8192]} (28. Bxd4 $14 {keeps the upper hand.} exd4 29. Ne4) 28... Nxb3 $19 29. cxb3 Qf7 30. Kd2 Qxd5 31. Rh4 (31. Rc1 $142 Qxd3+ 32. Kxd3) 31... Qxd3+ 32. Kxd3 Bc6 33. Ra3 Bxe4+ 34. Rxe4 d5 35. Rea4 e4+ {[%mdl 64] Discovered Attack} 36. Ke2 Bxb2 37. Ra2 Rxb3 38. Rxa6 d4 39. Bd2 Bc3 (39... Re8 $19 {is more deadly. Threatens to win with ...Rf8.} 40. Ra7 Rf8) 40. Re6 $17 d3+ 41. Ke3 {[#]} Bxd2+ $1 42. Rxd2 {[%mdl 4096] Endgame KRR-KRR} Rb5 43. Rxe4 Rxg5 44. Rxd3 Rf8 45. Rf4 Rxf4 46. Kxf4 {KR-KR} Rf5+ 47. Kg3 Kg7 48. Rd6 Rf6 49. Rd7+ Rf7 50. Rd6 g5 (50... Rc7 $17) 51. Kg4 $11 {The position is equal.} Rf6 52. Rxf6 $1 Kxf6 53. f4 gxf4 54. Kxf4 h5 {Accuracy: White = 71%, Black = 83%.} 1/2-1/2

[Event "SVK Extraliga 2019-20"]
[Site "Slovakia"]
[Date "2020.09.04"]
[Round "9.1"]
[White "Antoniewski, Rafal"]
[Black "Hracek, Zbynek"]
[Result "1/2-1/2"]
[WhiteElo "2490"]
[BlackElo "2563"]
[Annotator "TA"]
[PlyCount "22"]
[EventDate "2019.10.19"]
[EventType "team-tourn"]
[EventCountry "SVK"]
[SourceTitle "playchess.com"]
[Source "ChessBase"]
[SourceQuality "1"]
[WhiteTeam "Dunajov"]

{[%evp 12,22,62,14,13,13,17,6,7,12,8,7,9]} 1. d4 d5 2. c4 e6 3. Nf3 Nf6 4. Nc3 c5 5. cxd5 exd5 6. Bg5 Be6 7. e4 (7. Bxf6 $5 gxf6 8. e3 $14) 7... Be7 {The position is equal. D32: Tarrasch Defence: Sidelines and lines without g3.} 8. Bb5+ Nc6 9. exd5 Nxd5 10. Bxe7 Qxe7 11. O-O {[#] Hoping for Nxd5.} Nxc3 $146 {Not much happened in this game.} ({Predecessor:} 11... O-O 12. Re1 Nxc3 13. bxc3 Qf6 14. Bxc6 bxc6 15. Ne5 cxd4 16. Qxd4 Rfc8 17. Qa4 Rd8 {0-1 (46) Clark,S (1962)-Roynet,S (2158) ICCF email 2018}) 1/2-1/2